00567 2200193 4500001002100000005001500021035002000036245003500056100002100091250001800112300004800130856001800178260006800196082001900264084002500283020002200308650003300330650001000363INLIS00000000000003720250710114310 a0010-07250000371 aRumah Bolon /cTengku Syarfina0 aSyarfina, Tengku aEdisi pertama a24 hlm. :bilus. ;c29,7 cme398.209 598 12 aTBM As Suhada aJakarta Timur :bBadan Pengembangan dan Pembinaan Bahasa,c2021 a398.209 598 12 a398.209 598 12 SYA r a978-623-307-046-1 4aCerita Anak - Sumatera Utara 4aKomik